Southville International School and Colleges
Your cart is empty.
  • Cart
  • Lists
    Public lists Eva Luna New books Lux_list list_1
    Your lists Log in to create your own lists
  • Log in to your account
  • Your cookies
  • Search history
Southville International School and Colleges
  • Advanced search
  • Recent comments
  • Most popular
  • Libraries

Log in to your account

Log in with GOOGLE


If you do not have an external account, but do have a local account, you can still log in:

  1. Home
  2. MARC view: Introduction to accounting :
Normal view MARC view ISBD view

Introduction to accounting : (Record no. 10114)

[ view plain ]
MARC details
000 -LEADER
fixed length control field 00559nam a22001817a 4500
003 - CONTROL NUMBER IDENTIFIER
control field SISC
005 - DATE AND TIME OF LATEST TRANSACTION
control field 20160405131120.0
008 - FIXED-LENGTH DATA ELEMENTS--GENERAL INFORMATION
fixed length control field 130831t xxu||||| |||| 00| 0 eng d
020 ## - INTERNATIONAL STANDARD BOOK NUMBER
International Standard Book Number 9789719901301X
050 ## - LIBRARY OF CONGRESS CALL NUMBER
Classification number HF 5635
Item number .Ad243 1985
082 ## - DEWEY DECIMAL CLASSIFICATION NUMBER
Classification number HS 657.044
Item number LIM 1985
100 ## - MAIN ENTRY--PERSONAL NAME
Personal name Lim, Juan D.
9 (RLIN) 16007
245 ## - TITLE STATEMENT
Title Introduction to accounting :
Statement of responsibility, etc Juan D. Lim.
Remainder of title principles and procedures /
260 ## - PUBLICATION, DISTRIBUTION, ETC. (IMPRINT)
Place of publication, distribution, etc Valenzuela, Metro Manila :
Name of publisher, distributor, etc Tru-Copy Printing Press Inc,
Date of publication, distribution, etc c1985.
300 ## - PHYSICAL DESCRIPTION
Extent 237 p. ;
Other physical details ill. ;
Dimensions 23 cm.
942 ## - ADDED ENTRY ELEMENTS (KOHA)
Source of classification or shelving scheme Library of Congress Classification
Koha item type Books
Holdings
Withdrawn status Lost status Source of classification or shelving scheme Damaged status Home library Current library Shelving location Date acquired Total Checkouts Full call number Barcode Date last seen Copy number Price effective from Koha item type
    Library of Congress Classification   Luxembourg Library Luxembourg Library High School Section 08/31/2013   HF 5635 .Ad243 1985 4917 04/05/2016 1 08/31/2013 Books

Introduction to accounting :

APA

Lim J. D., . (1985). Introduction to accounting. Valenzuela, Metro Manila: Tru-Copy Printing Press Inc.

Chicago

Lim Juan D, . 1985. Introduction to accounting. Valenzuela, Metro Manila: Tru-Copy Printing Press Inc.

Harvard

Lim J. D., . (1985). Introduction to accounting. Valenzuela, Metro Manila: Tru-Copy Printing Press Inc.

MLA

Lim Juan D, . Introduction to accounting. Valenzuela, Metro Manila: Tru-Copy Printing Press Inc. 1985.

  • Place hold
  • Print
  • Cite
  • Add to your cart (remove)
  • Save record
    BIBTEX Dublin Core MARCXML MARC (non-Unicode/MARC-8) MARC (Unicode/UTF-8) MARC (Unicode/UTF-8, Standard) MODS (XML) RIS
  • More searches
    Search for this title in:
    Other Libraries (WorldCat) Other Databases (Google Scholar) Online Stores (Bookfinder.com) Open Library (openlibrary.org)

Exporting to Dublin Core...

SOUTHVILLE LIBRARY

Southville International School and Colleges Library

1281 Tropical Ave. Cor. Luxembourg St., BF Homes International, Las Pinas City

Tel. No. 8256374 / 252358 Loc. 117/146

Powered by Koha